[Event "RUS-ch IPCA"]
[Site "Volgograd"]
[Date "2017.05.06"]
[Round "7"]
[White "Palin, Denis"]
[Black "Balberov, Alexander"]
[Result "1/2-1/2"]
[WhiteElo "2154"]
[BlackElo "2350"]
[PlyCount "39"]
[EventDate "2017.04.30"]
[EventType "swiss"]
[EventRounds "9"]
[EventCountry "RUS"]
[SourceTitle "CBM 178 Extra"]
[Source "ChessBase"]
[SourceDate "2017.06.22"]
[SourceVersion "1"]
[SourceVersionDate "2017.06.22"]
[SourceQuality "1"]

1. d4 Nf6 2. Nf3 e6 3. e3 c5 4. Bd3 Nc6 5. b3 Qc7 6. 0-0 cxd4 7. exd4 Nb4 8. c4 d5 9. Be2 b6 10. Nc3 a6 11. a3 Nc6 12. cxd5 Ne7 13. dxe6 Qxc3 14. exf7+ Kd8 15. Bd2 Qc7 16. Rc1 Qb7 17. Ne5 Be6 18. b4 Bd5 19. Bg5 b5 20. Bf3 1/2-1/2

[Event "RUS IPCA-ch"]
[Site "Nalchik"]
[Date "2016.05.03"]
[Round "4"]
[White "Chestnov, Vitaliy A"]
[Black "Balberov, Alexander"]
[Result "1/2-1/2"]
[WhiteElo "2208"]
[BlackElo "2362"]
[PlyCount "60"]
[EventDate "2016.04.30"]
[EventType "swiss"]
[EventRounds "9"]
[EventCountry "RUS"]
[SourceTitle "CBM 172 Extra"]
[Source "ChessBase"]
[SourceDate "2016.06.21"]
[SourceVersion "1"]
[SourceVersionDate "2016.06.21"]
[SourceQuality "1"]

1. Nf3 Nf6 2. c4 b6 3. g3 Bb7 4. Bg2 c5 5. 0-0 g6 6. b3 Bg7 7. Bb2 0-0 8. Nc3 d6 9. d4 Ne4 10. Qd3 Nxc3 11. Bxc3 cxd4 12. Nxd4 Qd7 13. Nb5 Bxg2 14. Kxg2 Qc6+ 15. Qf3 Qxf3+ 16. Kxf3 Nc6 17. Bxg7 Kxg7 18. e3 Rfc8 19. Rfc1 Rab8 20. Nd4 Ne5+ 21. Ke2 Nd7 22. f3 Rb7 23. Kd2 a6 24. Ne2 Ne5 25. Nd4 Rbc7 26. Rab1 Rc5 27. Ra1 Nd7 28. Ne2 Ne5 29. Nd4 Nd7 30. Ne2 Ne5 1/2-1/2

[Event "RUS IPCA-ch"]
[Site "Nalchik"]
[Date "2016.04.30"]
[Round "1"]
[White "Balberov, Alexander"]
[Black "Denisov, Denis"]
[Result "1-0"]
[WhiteElo "2362"]
[BlackElo "1934"]
[PlyCount "65"]
[EventDate "2016.04.30"]
[EventType "swiss"]
[EventRounds "9"]
[EventCountry "RUS"]
[SourceTitle "CBM 172 Extra"]
[Source "ChessBase"]
[SourceDate "2016.06.21"]
[SourceVersion "1"]
[SourceVersionDate "2016.06.21"]
[SourceQuality "1"]

1. d4 Nf6 2. Nf3 e6 3. Bg5 d5 4. e3 c5 5. c3 Nc6 6. Nbd2 h6 7. Bh4 Be7 8. Bd3 0-0 9. 0-0 b6 10. Ne5 Nxe5 11. dxe5 Nd7 12. Bg3 f6 13. exf6 Bxf6 14. Qh5 Be7 15. Rad1 Nf6 16. Qe2 Qe8 17. Nf3 Qh5 18. Qc2 Qe8 19. Ne5 Bd6 20. h3 Qd8 21. Ng6 Re8 22. Bxd6 Qxd6 23. e4 Qc7 24. e5 Nd7 25. Qe2 Nf8 26. Qg4 Qf7 27. Rfe1 Bb7 28. h4 Red8 29. Nf4 Rd7 30. Bb5 Rc7 31. Re3 Rd8 32. Rf3 Kh8 33. Ng6+ 1-0

[Event "RUS IPCA-ch"]
[Site "Nalchik"]
[Date "2015.05.05"]
[Round "6"]
[White "Gedgafov, Chamal"]
[Black "Balberov, Alexander"]
[Result "1-0"]
[WhiteElo "2140"]
[BlackElo "2363"]
[PlyCount "117"]
[EventDate "2015.04.30"]
[EventType "swiss"]
[EventRounds "9"]
[EventCountry "RUS"]
[SourceTitle "EXT 2018"]
[Source "ChessBase"]
[SourceDate "2017.10.13"]
[SourceVersion "1"]
[SourceVersionDate "2017.10.13"]
[SourceQuality "1"]

1. d4 Nf6 2. c4 g6 3. Nc3 Bg7 4. e4 d6 5. Nf3 0-0 6. Be2 e5 7. d5 Nbd7 8. Be3 a5 9. Nd2 Nc5 10. h3 Ne8 11. 0-0 b6 12. Rc1 f5 13. exf5 Bxf5 14. Nb3 Nxb3 15. axb3 Qh4 16. Qd2 Qe7 17. g4 Bd7 18. Kg2 Nf6 19. Rh1 Rf7 20. g5 Nh5 21. Bxh5 gxh5 22. Qe2 Be8 23. Ra1 Rc8 24. Ne4 Rf8 25. b4 axb4 26. Ra7 Bg6 27. f3 Ra8 28. Rha1 Rxa7 29. Rxa7 Qd8 30. Qd2 Qb8 31. Ra1 Qe8 32. Rf1 Bxe4 33. fxe4 Qg6 34. Rxf8+ Bxf8 35. Kf3 Qf7+ 36. Kg3 Qg6 37. Qg2 Be7 38. Kf3 b3 39. h4 h6 40. Qh3 hxg5 41. hxg5 Kg7 42. Qf5 Bf8 43. Kg3 Be7 44. Kh4 Kh7 45. Bd2 Kg7 46. Kg3 Bf8 47. Kf3 Qf7 48. Be3 Be7 49. Ke2 Qg6 50. Kd3 Qf7 51. Kd2 Qg6 52. Ke1 Qf7 53. Ke2 Qg6 54. Kf3 Qf7 55. Kg3 Qg6 56. Kh4 Qf7 57. Qxf7+ Kxf7 58. Kxh5 Kg7 59. g6 1-0

[Event "RUS IPCA-ch"]
[Site "Nalchik"]
[Date "2015.05.04"]
[Round "5"]
[White "Balberov, Alexander"]
[Black "Vorobyov, Yurij"]
[Result "1/2-1/2"]
[WhiteElo "2363"]
[BlackElo "2180"]
[PlyCount "22"]
[EventDate "2015.04.30"]
[EventType "swiss"]
[EventRounds "9"]
[EventCountry "RUS"]
[SourceTitle "EXT 2018"]
[Source "ChessBase"]
[SourceDate "2017.10.13"]
[SourceVersion "1"]
[SourceVersionDate "2017.10.13"]
[SourceQuality "1"]

1. Nf3 d5 2. d4 Bf5 3. c4 e6 4. e3 c6 5. Nc3 Nd7 6. Bd3 Bxd3 7. Qxd3 Ngf6 8. 0-0 Bb4 9. a3 Bxc3 10. Qxc3 Ne4 11. Qc2 0-0 1/2-1/2

[Event "RUS IPCA-ch"]
[Site "Nalchik"]
[Date "2015.05.02"]
[Round "3"]
[White "Balberov, Alexander"]
[Black "Kolomytchenko, Igor Aleksandrovich"]
[Result "1-0"]
[WhiteElo "2363"]
[BlackElo "2073"]
[PlyCount "75"]
[EventDate "2015.04.30"]
[EventType "swiss"]
[EventRounds "9"]
[EventCountry "RUS"]
[SourceTitle "EXT 2018"]
[Source "ChessBase"]
[SourceDate "2017.10.13"]
[SourceVersion "1"]
[SourceVersionDate "2017.10.13"]
[SourceQuality "1"]

1. d4 Nf6 2. Nf3 e6 3. g3 b6 4. Bg2 Bb7 5. c4 Be7 6. 0-0 0-0 7. Nc3 d5 8. Ne5 Qc8 9. cxd5 Nxd5 10. Nxd5 exd5 11. Be3 Qe6 12. Nd3 Bd6 13. Qb3 Nd7 14. Rac1 Rac8 15. Rfe1 Rfe8 16. Rc2 c6 17. Rec1 h6 18. Bf4 g5 19. Bxd6 Qxd6 20. Bh3 f6 21. Qb4 Qc7 22. Bf5 Rcd8 23. Qb3 Qd6 24. Qb4 Nf8 25. Qxd6 Rxd6 26. e3 a5 27. Rc3 Rb8 28. b4 a4 29. Ra3 Ra8 30. Nb2 b5 31. Rac3 Bc8 32. Bxc8 Rxc8 33. Rc5 a3 34. Nd3 Nd7 35. Rxb5 Ra8 36. Rb7 Ra6 37. b5 cxb5 38. Rc8+ 1-0

[Event "IPCA Wch 14th"]
[Site "Apatin"]
[Date "2014.09.22"]
[Round "8"]
[White "Mikheev, Stanislav Valerievi"]
[Black "Balberov, Alexander"]
[Result "1/2-1/2"]
[WhiteElo "2195"]
[BlackElo "2380"]
[PlyCount "21"]
[EventDate "2014.09.16"]
[EventType "swiss"]
[EventRounds "9"]
[EventCountry "SRB"]
[SourceTitle "CBM 162 Extra"]
[Source "ChessBase"]
[SourceDate "2014.10.17"]
[SourceVersion "1"]
[SourceVersionDate "2014.10.17"]
[SourceQuality "1"]

1. d4 Nf6 2. c4 e6 3. Nf3 b6 4. g3 Ba6 5. b3 Bb4+ 6. Bd2 Be7 7. Bg2 c6 8. Qc2 d5 9. 0-0 Nbd7 10. Rd1 0-0 11. a4 1/2-1/2

[Event "IPCA Wch-A 13th"]
[Site "Velke Losiny"]
[Date "2013.06.20"]
[Round "4"]
[White "Balberov, Alexander"]
[Black "Mikheev, Stanislav Valerievi"]
[Result "1-0"]
[WhiteElo "2350"]
[BlackElo "2264"]
[PlyCount "89"]
[EventDate "2013.06.18"]
[EventType "swiss"]
[EventRounds "9"]
[EventCountry "CZE"]
[SourceTitle "CBM 155 Extra"]
[Source "ChessBase"]
[SourceDate "2013.08.26"]
[SourceVersion "1"]
[SourceVersionDate "2013.08.26"]
[SourceQuality "1"]

1. Nf3 Nf6 2. c4 c6 3. d4 d5 4. Qc2 g6 5. cxd5 cxd5 6. e3 Bg7 7. Bd3 Nc6 8. 0-0 0-0 9. Qb3 Qb6 10. Bd2 Bg4 11. Nc3 Rfd8 12. Rfc1 Bxf3 13. gxf3 e5 14. dxe5 Nxe5 15. Qxb6 axb6 16. Be2 Nc4 17. Rc2 Rac8 18. Rd1 Nxd2 19. Rcxd2 Bf8 20. Nxd5 Nxd5 21. Rxd5 Rxd5 22. Rxd5 Rc2 23. Kf1 Bc5 24. Rd7 f5 25. Rxb7 Rxb2 26. f4 Kh8 27. Bc4 Rd2 28. Bb3 Rd6 29. h4 h5 30. Ke2 Rd8 31. Bf7 Kg7 32. Be6+ Kh8 33. Bd7 Ra8 34. a4 Rf8 35. Kd3 Rf6 36. Kc4 Ba3 37. Kb5 Rd6 38. Be8 Rd2 39. Kxb6 Rxf2 40. a5 Bc1 41. Re7 Rb2+ 42. Bb5 Rb3 43. a6 Bxe3+ 44. Rxe3 Rxe3 45. a7 1-0

[Event "IPCA Wch-A 13th"]
[Site "Velke Losiny"]
[Date "2013.06.19"]
[Round "2"]
[White "Balberov, Alexander"]
[Black "Linqvist, Grels"]
[Result "1-0"]
[WhiteElo "2350"]
[BlackElo "2008"]
[PlyCount "47"]
[EventDate "2013.06.18"]
[EventType "swiss"]
[EventRounds "9"]
[EventCountry "CZE"]
[SourceTitle "CBM 155 Extra"]
[Source "ChessBase"]
[SourceDate "2013.08.26"]
[SourceVersion "1"]
[SourceVersionDate "2013.08.26"]
[SourceQuality "1"]

1. d4 d5 2. c4 c6 3. e3 Nf6 4. Bd3 e6 5. Nf3 dxc4 6. Bxc4 Nbd7 7. 0-0 Bd6 8. Nc3 0-0 9. e4 e5 10. Bg5 Qc7 11. d5 cxd5 12. Bxd5 Nxd5 13. Nxd5 Qb8 14. Be7 Bxe7 15. Nxe7+ Kh8 16. Nxc8 Qxc8 17. Rc1 Qe8 18. Rc7 Nf6 19. Rxb7 Nxe4 20. Qd5 Nf6 21. Qxe5 Qa4 22. a3 Rfe8 23. Qc7 Rf8 24. Ne5 1-0

[Event "RUS-chT Clubs"]
[Site "Sochi"]
[Date "2005.04.24"]
[Round "6"]
[White "Balberov, Alexander"]
[Black "Sharafiev, Azat"]
[Result "1-0"]
[WhiteElo "2403"]
[BlackElo "2272"]
[PlyCount "45"]
[EventDate "2005.04.19"]
[EventType "team"]
[EventRounds "9"]
[EventCountry "RUS"]
[SourceTitle "EXT 2006"]
[Source "ChessBase"]
[SourceDate "2005.11.24"]
[SourceVersion "1"]
[SourceVersionDate "2005.11.24"]
[SourceQuality "1"]

1. Nf3 g6 2. e4 c5 3. d4 cxd4 4. Nxd4 Nc6 5. c4 Nf6 6. Nc3 Nxd4 7. Qxd4 d6 8. Be2 Bg7 9. Be3 0-0 10. Qd2 Bd7 11. 0-0 a6 12. f3 Rb8 13. Rfd1 Bc6 14. Rac1 Nd7 15. b4 b6 16. Nd5 a5 17. a3 axb4 18. axb4 Ba4 19. Re1 Bc6 20. Bf1 b5 21. cxb5 Bxb5 22. Bxb5 Rxb5 23. Rc8 1-0

[Event "RUS-chT Clubs"]
[Site "Sochi"]
[Date "2005.04.20"]
[Round "3"]
[White "Balberov, Alexander"]
[Black "Khairullin, Ildar"]
[Result "1/2-1/2"]
[WhiteElo "2403"]
[BlackElo "2517"]
[PlyCount "65"]
[EventDate "2005.04.19"]
[EventType "team"]
[EventRounds "9"]
[EventCountry "RUS"]
[SourceTitle "EXT 2006"]
[Source "ChessBase"]
[SourceDate "2005.11.24"]
[SourceVersion "1"]
[SourceVersionDate "2005.11.24"]
[SourceQuality "1"]

1. e4 c5 2. Nf3 e6 3. c3 Nf6 4. e5 Nd5 5. d4 cxd4 6. Qxd4 Nc6 7. Qe4 b6 8. Bd3 Bb7 9. 0-0 Qc7 10. Re1 Nde7 11. Na3 a6 12. Qe2 Ng6 13. Nc2 d6 14. exd6 Bxd6 15. Be4 Nf4 16. Bxf4 Bxf4 17. Rad1 0-0 18. g3 Bh6 19. Ncd4 Nxd4 20. Rxd4 Rfd8 21. Red1 Rxd4 22. Rxd4 g6 23. Bxb7 Qxb7 24. Qd3 Bg7 25. Rd7 Qc6 26. Ng5 Rf8 27. h4 Qa4 28. a3 Qb3 29. Qe2 h6 30. Nf3 a5 31. Rd2 b5 32. Nd4 Bxd4 33. Rxd4 1/2-1/2

[Event "RUS-chT 07th"]
[Site "Smolensk"]
[Date "2000.04.20"]
[Round "6"]
[White "Kireev, Alexander"]
[Black "Balberov, Alexander"]
[Result "1/2-1/2"]
[WhiteElo "2212"]
[BlackElo "2422"]
[PlyCount "155"]
[EventDate "2000.04.15"]
[EventType "team-tourn"]
[EventRounds "11"]
[EventCountry "RUS"]
[SourceTitle "EXT 2020"]
[Source "ChessBase"]
[SourceDate "2019.10.17"]
[SourceVersion "1"]
[SourceVersionDate "2019.10.17"]
[SourceQuality "1"]
[WhiteTeam "Moscow Saulin PRSFI"]
[BlackTeam "Nizhny Tagil Politekhnik"]
[WhiteTeamCountry "RUS"]
[BlackTeamCountry "RUS"]

1. d4 Nf6 2. Bg5 e6 3. Nf3 c5 4. e3 Qb6 5. Qc1 Nc6 6. c3 d5 7. Nbd2 Bd7 8. Bd3 cxd4 9. exd4 Rc8 10. Qb1 Bd6 11. 0-0 h6 12. Bh4 Nh5 13. Bg3 Nf4 14. Bxf4 Bxf4 15. g3 Bd6 16. b4 Ne7 17. Qb2 Bb5 18. Ne1 Qa6 19. Qc2 Bxd3 20. Nxd3 Nf5 21. Nc5 Qc6 22. Qa4 b6 23. Qxc6+ Rxc6 24. Na4 Kd7 25. Rfc1 Rhc8 26. Nb3 Be7 27. Rd1 Nd6 28. Nc1 Nb5 29. Ne2 Kc7 30. Rd2 Na3 31. Rb2 Kb7 32. Kg2 R6c7 33. Rc1 Ka6 34. Rb3 Nc4 35. Rd1 Nd6 36. Nb2 Kb7 37. Na4 Kc6 38. Nb2 Kd7 39. a4 g5 40. g4 Ne4 41. Rd3 f5 42. h3 Bd6 43. f3 Nf6 44. Nd1 h5 45. Ne3 f4 46. Nf1 Rh8 47. Rd2 Kd8 48. Nc1 Rch7 49. Re2 Ke7 50. Nd3 hxg4 51. hxg4 Nxg4 52. fxg4 f3+ 53. Kxf3 Rh3+ 54. Kg2 Rxd3 55. a5 Rh4 56. Ne3 Kd7 57. axb6 axb6 58. Ra3 Bf4 59. Ra7+ Kd6 60. Nf1 Rxg4+ 61. Kf2 e5 62. dxe5+ Bxe5 63. Ra6 Bxc3 64. Rxb6+ Kc7 65. Rg6 Bxb4 66. Re5 Bc5+ 67. Ke2 Rdd4 68. Rgxg5 Rxg5 69. Rxg5 Kc6 70. Nd2 Rb4 71. Rg3 Rb2 72. Rb3 Ra2 73. Kd3 Ra1 74. Rc3 Re1 75. Nb3 Re3+ 76. Kd2 Rxc3 77. Kxc3 Bb6 78. Kd3 1/2-1/2

[Event "RUS-chT 07th"]
[Site "Smolensk"]
[Date "2000.04.19"]
[Round "5"]
[White "Balberov, Alexander"]
[Black "Rodin, Mihail"]
[Result "1/2-1/2"]
[WhiteElo "2422"]
[BlackElo "2365"]
[PlyCount "184"]
[EventDate "2000.04.15"]
[EventType "team-tourn"]
[EventRounds "11"]
[EventCountry "RUS"]
[SourceTitle "EXT 2020"]
[Source "ChessBase"]
[SourceDate "2019.10.17"]
[SourceVersion "1"]
[SourceVersionDate "2019.10.17"]
[SourceQuality "1"]
[WhiteTeam "Nizhny Tagil Politekhnik"]
[BlackTeam "Saratov GShK"]
[WhiteTeamCountry "RUS"]
[BlackTeamCountry "RUS"]

1. d4 d5 2. c4 c6 3. Nf3 Nf6 4. e3 e6 5. Bd3 Nbd7 6. 0-0 Bd6 7. Nbd2 0-0 8. e4 dxe4 9. Nxe4 Nxe4 10. Bxe4 Re8 11. Bg5 f6 12. Be3 c5 13. Bc2 Qc7 14. dxc5 Bxc5 15. Nd4 Nf8 16. Nb5 Qe7 17. Bxc5 Qxc5 18. Qd6 Qxd6 19. Nxd6 Rd8 20. Rfd1 b6 21. Be4 Rb8 22. Nb5 Rxd1+ 23. Rxd1 Bb7 24. Bxb7 Rxb7 25. Rd8 a6 26. Nc3 Kf7 27. Kf1 Rc7 28. Ra8 Nd7 29. Rxa6 Rxc4 30. Ra7 Ke7 31. Ke2 Rd4 32. Ke3 Rb4 33. b3 Rh4 34. h3 Rh5 35. b4 Re5+ 36. Kd2 g5 37. f3 h5 38. a4 h4 39. Ne4 Rd5+ 40. Ke3 Rd1 41. a5 bxa5 42. bxa5 Kd8 43. Ra8+ Kc7 44. Ra6 Ra1 45. Rxe6 Rxa5 46. f4 Ra3+ 47. Ke2 gxf4 48. Nxf6 f3+ 49. gxf3 Nxf6 50. Rxf6 Ra2+ 51. Kf1 Rh2 52. Rg6 Kd7 53. Kg1 Ra2 54. Rg4 Ke6 55. Rxh4 Kf5 56. Rg4 Rb2 57. Rg2 Rb1+ 58. Kf2 Rb2+ 59. Kg3 Rb8 60. Ra2 Rg8+ 61. Kf2 Rh8 62. Ra5+ Kf6 63. Kg3 Rg8+ 64. Kf4 Rh8 65. Ra6+ Kf7 66. Kg4 Rg8+ 67. Kf4 Rh8 68. Kg3 Rg8+ 69. Kh2 Rh8 70. Ra4 Kf6 71. Kg3 Rb8 72. h4 Kg6 73. Kg4 Rb1 74. Ra6+ Kf7 75. f4 Kg7 76. Kg5 Rb5+ 77. f5 Rb7 78. Rg6+ Kf7 79. Rh6 Kg7 80. f6+ Kg8 81. Kg6 Rg7+ 82. Kf5 Ra7 83. Rh5 Rb7 84. Rg5+ Kh7 85. Rh5+ Kg8 86. Kg5 Ra7 87. Rh6 Rb7 88. Kh5 Rb5+ 89. Kg6 Rb7 90. Rh5 Rg7+ 91. Kf5 Ra7 92. Rg5+ Kh7 1/2-1/2